NFL Rushing Leaders 2022 - Statistics

General Stats
  • This quiz has been taken 35 times
    32 since last reset
  • The average score is 18 of 32
Answer Stats
Picture Answer % Correct
Derrick Henry
96%
Nick Chubb
96%
Josh Jacobs
93%
Saquon Barkley
93%
Dalvin Cook
78%
Aaron Jones
74%
Najee Harris
67%
Jonathan Taylor
63%
Kenneth Walker II
63%
Tony Pollard
63%
Alvin Kamara
59%
Christian McCaffrey
59%
Jamaal Williams
59%
Joe Mixon
59%
Travis Etienne
59%
Brian Robinson Jr.
56%
Miles Sanders
56%
Rhamondre Stevenson
56%
Austin Ekeler
52%
Breece Hall
52%
Isiah Pacheco
48%
Raheem Mostert
48%
Dameon Pierce
44%
Cam Akers
41%
James Connor
41%
Justin Fields
41%
Lamar Jackson
41%
Tyler Allgeier
41%
Leonard Fournette
37%
Devin Singletary
33%
D'Onta Foreman
26%
Latavius Murray
22%
No matching quizzes found
Score Distribution
Percent of People with Each Score
Percentile by Number Answered
Your Score History
You have not taken this quiz since the last reset